00804nam a2200205Ia 4500003000900000008004100009020002200050040001600072080002300088245016400111260002500275300001400300650002900314650003100343700003100374700003600405942000700441999001700448952013300465IN-BaIIA211028s9999 xx 000 0 eng d a978-3-319-09197-6 cIIA Library a52(082.1)bASS-408 0aGiants of eclipsebthe zeta aurigae stars and other binary systemscedited by Thomas B Ake and Elizabeth Griffin  aChambSpringerc2015 axv, 202p. aEclipsing binaries97591 aScience - astronomy936158 aAke, Thomas B., ed.936490 aGriffin, Elizabeth., ed.936491 cBK c19113d19113 00104070aBANbBANcGENd2015-09-21g4026.00l0o52(082.1)/ ASS-408p20035r2021-11-05v4026.00w2015-09-21yBKGRs. 4026.00